|
|
|
|
| LEADER |
00000nab a2200000 a 4500 |
| 001 |
vtls000718002 |
| 003 |
SK-MaSNL |
| 005 |
20260303202336.0 |
| 008 |
160314c1998 xo 0 slo |
| 015 |
|
|
|a SNBRA2000/04-10645
|
| 035 |
|
|
|a CLN000070169
|
| 040 |
|
|
|a SNKBUCL
|b slo
|c SNKBUCL
|e AACR2
|
| 041 |
0 |
|
|a slo
|
| 044 |
|
|
|a xo
|c SK
|
| 080 |
|
|
|a 82.0:82-1/-9
|2 UDC-MRF-SK2
|
| 080 |
|
|
|a 792
|2 UDC-MRF-SK2
|
| 100 |
1 |
|
|a Kováč, Michal,
|d 1930-2023
|4 aut
|9 13813
|
| 245 |
1 |
0 |
|a Ľudová rozprávková hra
|c Mišo A. Kováč
|
| 650 |
0 |
7 |
|a hra ľudová rozprávková slovenská
|2 snkbucl
|9 1233994
|
| 650 |
0 |
7 |
|a ľudové divadlo
|2 snkbucl
|9 15395
|
| 773 |
0 |
|
|w SK01SNK19980305565
|z 8080501602
|t Literatúra pre deti a mládež v procese. I.
|d Nitra : Univerzita Konštantína Filozofa, 1998
|g S. 269-274
|
| 850 |
|
|
|a Slovenská národná knižnica v Martine
|
| 852 |
|
|
|a SNK
|b KIS3GCP
|
| 958 |
|
|
|a SK
|
| 958 |
|
|
|a LX
|
| 958 |
|
|
|a RZB
|
| 999 |
|
|
|c 2179077
|d 2181007
|